| 000 | 00827nam a2200229Ii 4500 | ||
|---|---|---|---|
| 003 | JO-AjNU | ||
| 008 | 230605s9999||||xx |||||||||||||| ||und|| | ||
| 017 | _a2004/3/435 | ||
| 020 | _a9957-8568-0-4 | ||
| 040 |
_aJO-AjNU _bara _erda _cJO-AjNU |
||
| 041 | _aara | ||
| 050 | 1 | 4 | _aDS154.9 2005 |
| 100 | 3 |
_aتحقيق واعداد رفيع، محمد, _eauthor _921142 |
|
| 245 | 0 | 0 | _aعام الجراد في مادبا 1930 |
| 250 | _aط1 | ||
| 264 | 3 | 1 | _aعمان: مركز الراي للدراسات والمعلومات، 2004 |
| 300 |
_a158ص _bيشتمل عى ملاحق من ص (120-146 )، وفهارس من ص (149-158 ) |
||
| 336 |
_atext _btxt _2rdacontent |
||
| 337 |
_aunmediated _bn _2rdamedia |
||
| 338 |
_avolume _bnc _2rdacarrier |
||
| 650 | 4 |
_aالاردن-مادبا مكافحة الجراد 1930 _921143 |
|
| 999 |
_aA7295 _c10863 _d10863 |
||